Consulting for Dummies

Bibliographic Details
Main Author: Nelson, Bob
Format: Book
Published: Hungry Minds Inc , 1997
Subjects:

MARC

LEADER 00000cam a2200000 7i4500
001 0000010329
005 20050429.0
020 |a 0764550349 
040 |a INS 
090 0 0 |a HD69.C6   |b N454 1997 
100 1 |a Nelson, Bob 
245 1 0 |a Consulting for Dummies   |c Bob Nelson 
260 |a Hungry Minds Inc ,   |c 1997 
300 |a 358pp ;   |c 190x241mm. 
650 0 0 |a Consultants:Business Consultants 
999 |a 0000008491   |b BOOK   |c Open Shelf   |e Default branch